000 00377nam a2200157Ia 4500
005 20240807062425.0
008 240806s9999||||xx |||||||||||||| ||eng||
041 _aeng
082 _a891.433
_bSHUM
100 _aShrilal Shukla
245 0 _aMeri shreshtha vyangya rachnaye /
_cShrilal Shukla
260 _bGyan Bharti Delhi
300 _a0
650 _aHindi
942 _cBK
999 _c18516
_d18516